00489nam a2200169Ia 4500999001700000003000400017005001700021008004100038040000900079082001800088100003000106245006900136260004800205300000800253650001500261942004300276 c35824d35824OSt20201216135233.0190216s9999||||xx |||||||||||||| ||und|| coclc a331.25bGOV/S aGovernment Of India91019 0aSelf Employment In Small Scale Industries /cGovernment Of India bCentral Institute For Research,aNew Delhi: a21p aReferences cREF2ddch331.25iGOV/Sk331.25mGOV/S